[Event "AUTO-OPEN-4580"]
[Site "http://www.queenalice.com/game.php?id=1853444"]
[Date "2025.3.7"]
[Round "1"]
[White "Richardlim"]
[Black "josebaron"]
[Result "0-1"]
[WhiteElo "2049"]
[BlackElo "2150"]

1. c4 e5 2. Nc3 Nf6 3. g3 Bc5 4. Bg2 Nc6 5. e3 O-O 6. Nge2 d6 7. O-O Bg4 8. Na4
a5 9. Nxc5 dxc5 10. Bxc6 bxc6 11. b3 Bf3 12. h3 Qd3 13. Re1 Rfd8 14. Kh2 Qf5 15.
Rf1 Qh5 16. h4 Bxe2 17. Qe1 Bxf1 18. Qxf1 e4 19. Qe1 Rd3 20. Ba3 Ng4+ 21. Kh3
Qf5 22. Kg2 Qf3+ 23. Kg1 Qf5 24. Qe2 a4 25. Bxc5 axb3 26. Bd4 Rxa2 27. Rxa2 bxa2
28. Ba1 h5 29. Qe1 Qa5 30. Bc3 Rxc3 31. dxc3 a1=Q 32. Qxa1 Qxa1+ 33. Kg2 Qe1 0-1

[Event "AUTO-OPEN-4580"]
[Site "http://www.queenalice.com/game.php?id=1853445"]
[Date "2025.3.7"]
[Round "1"]
[White "josebaron"]
[Black "Richardlim"]
[Result "1-0"]
[WhiteElo "2159"]
[BlackElo "2037"]

1. e4 c5 2. Nf3 d6 3. Bb5+ Bd7 4. Bxd7+ Qxd7 5. O-O Nc6 6. Nc3 e6 7. d3 Nf6 8.
a4 b6 9. Bg5 Be7 10. Re1 O-O 11. h3 Nd4 12. Nxd4 cxd4 13. Ne2 e5 14. c3 h6 15.
Bxf6 Bxf6 16. cxd4 h5 17. d5 g5 18. Ng3 g4 19. Nxh5 Bg5 20. Qxg4 Qxg4 21. hxg4
Kh7 22. Ng3 Kg6 23. Nf5 Rad8 24. g3 Bf6 25. Kg2 Rh8 26. Rh1 a6 27. Rxh8 Bxh8 28.
Rc1 b5 29. axb5 axb5 30. Rc6 Kg5 31. Nxd6 Kxg4 32. Nxf7 Rb8 33. Nxh8 Rxh8 34.
Re6 Rf8 35. Rxe5 Rf3 36. Rg5+ Kxg5 37. Kxf3 Kf6 38. Kf4 Ke7 39. b4 Kd6 40. g4
1-0

[Event "AUTO-MASTER-3256"]
[Site "http://www.queenalice.com/game.php?id=1853565"]
[Date "2025.3.9"]
[Round "1"]
[White "JailtonMaster"]
[Black "Richardlim"]
[Result "0-1"]
[WhiteElo "2024"]
[BlackElo "2026"]

1. e4 c5 2. Nf3 d6 3. d4 cxd4 4. Nxd4 Nf6 5. Nc3 a6 6. Bg5 e6 7. f4 Be7 8. Qf3
Qb6 9. O-O-O Nbd7 10. g4 Nc5 11. Bxf6 Bxf6 12. Nde2 Bd7 13. Bg2 Bc6 14. Rxd6 Be7
15. Rdd1 a5 16. f5 e5 17. Nd5 Bxd5 18. exd5 e4 19. Qc3 Bf6 20. Qa3 Rc8 21. c3
Nd3+ 22. Kb1 Be7 23. Qa4+ Kd8 24. Bxe4 Qxb2# 0-1

[Event "AUTO-MASTER-3256"]
[Site "http://www.queenalice.com/game.php?id=1853566"]
[Date "2025.3.9"]
[Round "1"]
[White "Richardlim"]
[Black "JailtonMaster"]
[Result "0-1"]
[WhiteElo "1958"]
[BlackElo "2087"]

1. c4 Nf6 2. Nc3 e6 3. Nf3 d5 4. cxd5 exd5 5. e3 Bg4 6. Be2 Nc6 7. a3 a6 8. O-O
Bd6 9. d3 O-O 10. d4 Ne7 11. Bd3 c6 12. Qc2 Qc7 13. Ne5 Bxe5 14. dxe5 Qxe5 15.
f3 Bh5 16. Qe2 Ne4 17. Bxe4 dxe4 18. Nxe4 f5 19. Ng3 Bg6 20. f4 Qe6 21. h4 Nd5
22. h5 Bf7 23. Qd3 Rae8 24. Re1 Nxf4 25. Qd4 Nd5 26. Bd2 b6 27. e4 fxe4 28. Nxe4
Bxh5 29. Ng3 Qg4 30. Qxg4 Bxg4 31. Rxe8 Rxe8 32. Re1 Rf8 33. Ne4 Nf4 34. Kh2 Nd3
35. Rb1 Bf5 36. Nd6 Bg6 37. Nc4 Nf2 38. Nxb6 Bxb1 39. Bc3 Ne4 40. Bb4 Rf6 41.
Nd7 Rh6+ 42. Kg1 Bd3 43. Be1 Re6 44. b4 Nf6 45. Nc5 Rxe1+ 46. Kf2 Rf1+ 47. Ke3
Bg6 48. Nxa6 Ra1 49. Nb8 Be8 50. Kd4 Rxa3 51. Kc5 Ra8 0-1

[Event "AUTO-MASTER-3256"]
[Site "http://www.queenalice.com/game.php?id=1853577"]
[Date "2025.3.9"]
[Round "1"]
[White "chessman"]
[Black "Richardlim"]
[Result "1-0"]
[WhiteElo "2058"]
[BlackElo "1947"]

1. e4 c5 2. Nf3 d6 3. Bb5+ Bd7 4. Bxd7+ Qxd7 5. O-O Nc6 6. d4 cxd4 7. Nxd4 Nxd4
8. Qxd4 e5 9. Qd1 h6 10. Nc3 Nf6 11. Re1 h5 12. Nd5 h4 13. Bg5 Be7 14. Nxe7 Qxe7
15. c4 h3 16. g3 Qd7 17. Qf3 Qe6 18. b3 Nh7 19. Be3 f6 20. Qh5+ Ke7 21. c5 Ng5
22. cxd6+ Kxd6 23. Qd1+ Ke7 24. Bc5+ Ke8 25. Qe2 f5 26. f3 g6 27. Qb5+ Kf7 28.
Qxb7+ Kf6 29. exf5 gxf5 30. Rad1 Rhd8 31. Kf2 1-0

[Event "AUTO-MASTER-3256"]
[Site "http://www.queenalice.com/game.php?id=1853578"]
[Date "2025.3.9"]
[Round "1"]
[White "Richardlim"]
[Black "chessman"]
[Result "0-1"]
[WhiteElo "2016"]
[BlackElo "1956"]

1. c4 c6 2. Nf3 d5 3. b3 Nf6 4. Bb2 e6 5. e3 Be7 6. Be2 O-O 7. O-O Re8 8. Qc2 a6
9. Bd3 h6 10. Nc3 dxc4 11. Bxc4 Nbd7 12. Ne4 Nxe4 13. Qxe4 Nf6 14. Qc2 Qc7 15.
e4 Bd7 16. Bd3 c5 17. e5 Nd5 18. Qb1 Rad8 19. Bc2 b5 20. Qe1 Bc6 21. Qe4 Nf6 22.
Qe3 Nd5 23. Qe1 Nf4 24. d4 Bxf3 25. gxf3 cxd4 26. Qd2 Qxe5 27. Kh1 Qh5 28. Rg1
Qxf3+ 0-1

[Event "AUTO-MASTER-3256"]
[Site "http://www.queenalice.com/game.php?id=1853583"]
[Date "2025.3.9"]
[Round "1"]
[White "hjs50667"]
[Black "Richardlim"]
[Result "1-0"]
[WhiteElo "2315"]
[BlackElo "2033"]

1. d4 Nf6 2. c4 g6 3. Nc3 Bg7 4. e4 d6 5. Be2 O-O 6. Bg5 c5 7. d5 e6 8. Qd2 a6
9. a4 e5 10. h4 Qd7 11. f3 b6 12. Nh3 Bb7 13. g4 Kh8 14. Nf2 Ng8 15. h5 h6 16.
hxg6 fxg6 17. Bxh6 Bxh6 18. Rxh6+ Nxh6 19. Qxh6+ Kg8 20. Qxg6+ Qg7 21. Qxd6 Rf6
22. Qxe5 Nd7 23. Qg3 Qg5 24. Nh3 Qe3 25. Qf2 Qxf2+ 26. Kxf2 Ne5 27. Kg3 Raf8 28.
f4 Ng6 29. e5 R6f7 30. e6 Re7 31. f5 Nh8 32. Ne4 Kg7 33. Nhg5 a5 34. Rh1 Ba8 35.
Rh7+ Kg8 36. Rxe7 b5 37. axb5 a4 38. f6 Ng6 39. Rg7+ Kh8 40. Nf7+ Rxf7 41. exf7
Bb7 42. Ng5 Nf8 43. Rg8# 1-0

[Event "AUTO-MASTER-3256"]
[Site "http://www.queenalice.com/game.php?id=1853584"]
[Date "2025.3.9"]
[Round "1"]
[White "Richardlim"]
[Black "hjs50667"]
[Result "1-0"]
[WhiteElo "2020"]
[BlackElo "2285"]

1. c4 e6 2. Nf3 Nf6 3. g3 d5 4. Bg2 dxc4 5. Qa4+ Nbd7 6. Qxc4 c5 7. d4 a6 8. Qc2
cxd4 9. Nxd4 Qb6 10. Be3 Ng4 11. Qc1 Nxe3 12. fxe3 e5 13. Nf5 g6 14. Nh4 Bh6 15.
Kf2 Nf6 16. h3 Nd5 17. Bxd5 1-0